Antártida : El sexto continente /

Guardado en:
Autor Principal: Terrile, Eduardo
Formato: Deslizar
Series:Parte 2
Materias:
Etiquetas: Agregar Etiqueta
Sin Etiquetas, Sea el primero en etiquetar este registro!
LEADER 01028ngm a22003015g 4500
001 CEM.cems021523
008 130507b1991##################0###0#####d
005 20240827145810.0
245 1 0 |a Antártida :  |b El sexto continente /  |c Eduardo Terrile. 
300 |a 40 
490 1 |a Parte 2 
500 |a En soporte VHS, consultar en ventanilla. 
505 0 |a Detalles geomorfológicos y origen de la plataforma continental. Inicio de las exploraciones. Pobladores primitivos y actuales. 
538 |a Soporte: VHS - Norma: Pal N - Color - Grabación Drd 1991 - Hitachi=2045 
100 1 |a Terrile, Eduardo 
082 9 1 |. 8/TER 
653 |a ANTARTIDA 
653 |a GEOLOGIA 
653 |a GEOGRAFIA 
653 |a ARGENTINA 
653 |a ARGENTINA-GEOGRAFIA 
653 |a GEOMORFOLOGIA 
653 |a GEOGRAFIA HUMANA 
653 |a PLATAFORMA CONTINENTAL 
653 |a POBLADORES PRIMITIVOS 
653 |a NIVEL PRIMARIO 
653 |a NIVEL SECUNDARIO 
859 |a CEMS  |b BIB. CEMS - Depto. Recursos Didacticos  |h 918.8  |i TER  |k DRD  |p 166.12  |t Ej.1